Hacia la excelencia de la empresa inexistente
Guardado en:
| Autor principal: | |
|---|---|
| Otros Autores: | |
| Formato: | Desconocido |
| Aporte de: | Registro referencial: Solicitar el recurso aquí |
| LEADER | 00359 a2200121 4500 | ||
|---|---|---|---|
| 001 | ART_11221 | ||
| 005 | 20260410161655.0 | ||
| 008 | 260409a | ||
| 245 | 1 | 0 | |a Hacia la excelencia de la empresa inexistente |
| 100 | 1 | |a Yates, Don | |
| 700 | 1 | |a Davis, Mark | |
| 773 | 0 | |t Harvard Deusto Business Review |g - Nº 105 (nov./dic. 2001) |w REV521 | |
| 999 | |c 14623 |d 14623 | ||